[Event "Dhaka op"]
[Site "Dhaka"]
[Date "2016.06.30"]
[Round "7"]
[White "Saiful Islam, Chowdhury"]
[Black "Md Abu, Hanif"]
[Result "1-0"]
[WhiteElo "2161"]
[BlackElo "2037"]
[PlyCount "63"]
[EventDate "2016.06.24"]
[EventType "swiss"]
[EventRounds "9"]
[EventCountry "BAN"]
[SourceTitle "EXT 2017"]
[Source "ChessBase"]
[SourceDate "2016.10.25"]
[SourceVersion "1"]
[SourceVersionDate "2016.10.25"]
[SourceQuality "1"]

1. e4 e6 2. d4 d5 3. Nc3 Nf6 4. Bg5 Be7 5. Bxf6 Bxf6 6. e5 Be7 7. Qg4 g6 8. Nf3 c5 9. 0-0-0 Nc6 10. Bb5 Bd7 11. Bxc6 Bxc6 12. h4 h5 13. Qf4 Qc7 14. Ng5 Rf8 15. Nh7 Rh8 16. Nf6+ Kd8 17. dxc5 Bxc5 18. Nfe4 Be7 19. Qxf7 Qxe5 20. Qxg6 Kc7 21. Qf7 Rae8 22. Ng5 Kb8 23. Nxe6 Bb4 24. Rhe1 Qd6 25. f4 Re7 26. Qf6 Rhe8 27. f5 Rg8 28. Ne4 Qh2 29. c3 Rxe6 30. fxe6 Ba5 31. e7 Rxg2 32. Nd2 1-0

[Event "Dhaka op"]
[Site "Dhaka"]
[Date "2016.06.29"]
[Round "6"]
[White "Shahnaz, Mohammad Faruque"]
[Black "Saiful Islam, Chowdhury"]
[Result "1/2-1/2"]
[WhiteElo "1960"]
[BlackElo "2161"]
[PlyCount "94"]
[EventDate "2016.06.24"]
[EventType "swiss"]
[EventRounds "9"]
[EventCountry "BAN"]
[SourceTitle "EXT 2017"]
[Source "ChessBase"]
[SourceDate "2016.10.25"]
[SourceVersion "1"]
[SourceVersionDate "2016.10.25"]
[SourceQuality "1"]

1. e4 e5 2. Nf3 Nf6 3. Nxe5 d6 4. Nf3 Nxe4 5. Qe2 Qe7 6. d3 Nf6 7. Bg5 Be6 8. Nc3 Nc6 9. 0-0-0 d5 10. d4 0-0-0 11. Ne5 Qe8 12. Bxf6 gxf6 13. Nxc6 Qxc6 14. Qf3 f5 15. Bd3 Qd7 16. Ne2 Bd6 17. h3 Kb8 18. Ng3 Qa4 19. Kb1 Qxd4 20. Nxf5 Qf4 21. Qxf4 Bxf4 22. g3 Be5 23. Rde1 Bf6 24. c3 c5 25. f4 h5 26. g4 c4 27. Bc2 hxg4 28. hxg4 Rxh1 29. Rxh1 Rh8 30. Rxh8+ Bxh8 31. g5 Kc7 32. Nh6 d4 33. cxd4 Bxd4 34. Be4 Be3 35. f5 Bxg5 36. fxe6 Bxh6 37. exf7 b5 38. Kc2 Kd6 39. b3 Kc5 40. bxc4 Kxc4 41. Bf5 Kb4 42. Be6 a5 43. Bf5 Ka3 44. Be6 Bg7 45. Kb1 a4 46. Kc2 Kb4 47. Bd7 Kc5 1/2-1/2